00467nam a22001457a 4500008004100000040005500041080002400096245002600120260003900146300001000185500007700195650001200272653001300284700002400297230531b |||||||| |||| 00| 0 eng d aNational Science LibrarycNational Science Library a621.47(082.2)bM4.1 aSolar world Congress  8New York: aPergamon Press, b1984 a732p. aVol. 1; 732p. Vol. 2; 733-1361p. Vol. 3; 1362-2062p. Vol. 4; 2063-2797p. aScience aResearch aSzokolay, S V (Ed.)